[Event "SR 2. liga A 2003/2004"]
[Site "?"]
[Date "2003.10.18"]
[Round "1.8"]
[White "Priam, Stefan"]
[Black "Dzavik, Jozef"]
[Result "1/2-1/2"]
[WhiteElo "1953"]
[BlackElo "1967"]
[PlyCount "84"]
[EventDate "2003.??.??"]

1. d4 Nf6 2. c4 e6 3. Nf3 Bb4+ 4. Bd2 Bxd2+ 5. Nbxd2 O-O 6. e4 d5 7. e5 Nfd7 8.
Bd3 c5 9. cxd5 exd5 10. Qc2 g6 11. dxc5 Nc6 12. Rd1 Nb4 13. Qc3 Nxd3+ 14. Qxd3
Nxc5 15. Qe3 Qe7 16. O-O Kg7 17. b4 Na4 18. a3 Be6 19. Nd4 Rfc8 20. Rc1 Nb6 21.
f4 Rxc1 22. Rxc1 Rc8 23. Rf1 Nc4 24. Nxc4 dxc4 25. f5 gxf5 26. Rxf5 Kh8 27. Rh5
Rg8 28. Nf3 Bg4 29. Rg5 Bxf3 30. Rxg8+ Kxg8 31. gxf3 b5 32. f4 Qc7 33. Qc3 Qd7
34. Kf2 Qf5 35. Kg3 Qg6+ 36. Kf3 Qb1 37. Qd4 Qf1+ 38. Kg3 Qe1+ 39. Kg4 Qe2+ 40.
Kg3 Qe1+ 41. Kg4 Qe2+ 42. Kg3 Qe1+ 1/2-1/2

[Event "SR 2. liga A 2003/2004"]
[Site "?"]
[Date "2003.10.18"]
[Round "1.8"]
[White "Stetina, Erik"]
[Black "Pribila, Michal"]
[Result "0-1"]
[WhiteElo "1749"]
[BlackElo "1620"]
[PlyCount "118"]
[EventDate "2003.??.??"]

1. d4 Nf6 2. Nf3 g6 3. c4 Bg7 4. g3 O-O 5. Nc3 d6 6. Bg2 c6 7. O-O Nbd7 8. Qc2
e6 9. e4 e5 10. dxe5 dxe5 11. b3 Qc7 12. Rd1 Re8 13. Ba3 Bf8 14. Bxf8 Nxf8 15.
Rd2 Bg4 16. Rad1 Ne6 17. Ne2 c5 18. h3 Bxf3 19. Bxf3 Nd4 20. Qd3 Rad8 21. Nc3
Kg7 22. Nd5 Nxd5 23. exd5 f5 24. Bg2 e4 25. Qe3 Qe5 26. b4 b6 27. bxc5 bxc5 28.
Qa3 e3 29. fxe3 Qxe3+ 30. Qxe3 Rxe3 31. Kf2 Rc3 32. Rb1 Rd7 33. Bf1 f4 34. gxf4
Rf3+ 35. Kg2 Rxf4 36. Rf2 Rxf2+ 37. Kxf2 Kf6 38. Rb8 Ke5 39. Rc8 Rf7+ 40. Kg2
Nf5 41. Bd3 Ne3+ 42. Kg3 Kd4 43. Be2 Nxc4 44. Bxc4 Kxc4 45. d6 Rd7 46. Rc7 Rxd6
47. Rxa7 h6 48. Ra3 Kd4 49. Kf3 Re6 50. h4 c4 51. Ra8 Kd3 52. Rd8+ Kc2 53. a4
c3 54. a5 Ra6 55. Ke2 Re6+ 56. Kf3 Kc1 57. Rc8 c2 58. Rd8 Rc6 59. Ke2 Kb2 0-1

[Event "SR 2. liga A 2003/2004"]
[Site "?"]
[Date "2003.10.19"]
[Round "2.1"]
[White "Bisco, Igor"]
[Black "Provaznik, Michal"]
[Result "1-0"]
[WhiteElo "2187"]
[BlackElo "2241"]
[PlyCount "45"]
[EventDate "2003.??.??"]

1. e4 c5 2. Nf3 e6 3. d4 cxd4 4. Nxd4 a6 5. Bd3 Qc7 6. O-O Nf6 7. Nc3 d6 8. Kh1
Nbd7 9. f4 b6 10. f5 e5 11. Ne6 fxe6 12. fxe6 Nc5 13. Nd5 Nxd5 14. exd5 e4 15.
Rf7 Qd8 16. Rxg7 Qf6 17. Qh5+ Kd8 18. Rf7 Qg6 19. Bg5+ Ke8 20. Be2 Nxe6 21.
Rxh7 Rg8 22. dxe6 Bxe6 23. Rf1 1-0

[Event "SR 2. liga A 2003/2004"]
[Site "?"]
[Date "2003.10.19"]
[Round "2.1"]
[White "Felcir, Jaroslav"]
[Black "Plachetka, Jan"]
[Result "0-1"]
[WhiteElo "2215"]
[BlackElo "2455"]
[PlyCount "68"]
[EventDate "2003.??.??"]

1. e4 e5 2. Nf3 Nc6 3. Bc4 Nf6 4. d4 exd4 5. e5 d5 6. Bb5 Ne4 7. Nxd4 Bc5 8. c3
O-O 9. Bxc6 bxc6 10. O-O f6 11. Nxc6 Qd7 12. Nb4 fxe5 13. Qxd5+ Qxd5 14. Nxd5
Ba6 15. Be3 Bxe3 16. Nxe3 Bxf1 17. f3 Bxg2 18. Kxg2 Ng5 19. Nd2 Rad8 20. Nec4
Rd3 21. Rf1 h5 22. h4 Ne6 23. Re1 Rf5 24. Kh2 g5 25. Re2 Kh7 26. Ne3 Rf4 27.
Ng2 Ra4 28. a3 gxh4 29. b3 Rxa3 30. Nc4 Rxb3 31. Rxe5 Rdxc3 32. Rxh5+ Kg6 33.
Rxh4 Ng5 34. Rg4 Kf6 0-1

[Event "SR 2. liga A 2003/2004"]
[Site "?"]
[Date "2003.10.19"]
[Round "2.1"]
[White "Kleman, Miroslav"]
[Black "Rohacek, Miroslav"]
[Result "0-1"]
[WhiteElo "2129"]
[BlackElo "2145"]
[PlyCount "64"]
[EventDate "2003.??.??"]

1. c4 d6 2. g3 e5 3. Bg2 c6 4. e3 Be6 5. b3 f5 6. Ne2 Nf6 7. f4 Nbd7 8. d4 e4
9. Bb2 Bf7 10. Nbc3 a6 11. Qd2 b5 12. cxb5 cxb5 13. O-O Nb6 14. Rfc1 Be7 15. h3
h5 16. Nd1 Qd7 17. Nf2 h4 18. g4 fxg4 19. Nxe4 Nxe4 20. Bxe4 d5 21. Bh1 gxh3
22. Kh2 Bh5 23. Ng1 g5 24. Nxh3 g4 25. Bg2 gxh3 26. Bxh3 Bg4 27. Bxg4 Qxg4 28.
Rc6 Qg3+ 29. Kh1 Rg8 30. Rc2 Qh3+ 31. Qh2 Qf3+ 32. Rg2 h3 0-1

[Event "SR 2. liga A 2003/2004"]
[Site "?"]
[Date "2003.10.19"]
[Round "2.1"]
[White "Oprea, Erik"]
[Black "Kundrik, Peter"]
[Result "0-1"]
[WhiteElo "2077"]
[BlackElo "2163"]
[PlyCount "120"]
[EventDate "2003.??.??"]

1. e4 c5 2. Nf3 Nc6 3. d4 cxd4 4. Nxd4 Nf6 5. Nc3 e5 6. Nb3 Bb4 7. Bc4 Nxe4 8.
O-O Nxc3 9. bxc3 Be7 10. f4 O-O 11. fxe5 Nxe5 12. Bd5 Qb6+ 13. Kh1 d6 14. Qd4
Qxd4 15. Nxd4 Rb8 16. Rb1 b6 17. Bf4 Bd7 18. Rbe1 Bf6 19. Bc1 b5 20. h3 Nc4 21.
g4 Rbc8 22. Nf5 Bc6 23. Bxc6 Rxc6 24. Nh6+ Kh8 25. Nxf7+ Kg8 26. Ng5 Bxc3 27.
Rxf8+ Kxf8 28. Ne6+ Kg8 29. Rf1 Rc8 30. h4 h6 31. g5 hxg5 32. hxg5 a5 33. g6
Bf6 34. Bg5 Bxg5 35. Nxg5 Ne5 36. Rd1 Nxg6 37. Rxd6 Nf4 38. Rd2 g6 39. Ne4 Kg7
40. Rd7+ Kh6 41. c3 Rc4 42. Nd6 Rxc3 43. Nxb5 Rc2 44. Rd4 Ne2 45. Ra4 Kg5 46.
Nd6 Nf4 47. Rxa5+ Kg4 48. Ne4 Re2 49. Nf6+ Kg3 50. Ra3+ Kh4 51. Ra4 g5 52. Kg1
Rd2 53. Kf1 Rb2 54. Ke1 Re2+ 55. Kf1 Rb2 56. Ke1 Re2+ 57. Kf1 Rc2 58. Ke1 Kg3
59. Ne4+ Kg4 60. Nf2+ Kf3 {
dalsie tahy sa hrali v obojstrannej tiesni a nie su zapisane} 0-1

[Event "SR 2. liga A 2003/2004"]
[Site "?"]
[Date "2003.10.19"]
[Round "2.1"]
[White "Smolen, Jan"]
[Black "Likavsky, Tomas"]
[Result "1/2-1/2"]
[WhiteElo "2256"]
[BlackElo "2482"]
[PlyCount "29"]
[EventDate "2003.??.??"]

1. e4 c5 2. Nf3 d6 3. d4 cxd4 4. Nxd4 Nf6 5. Nc3 a6 6. Bg5 e6 7. f4 Qb6 8. Qd2
Qxb2 9. Rb1 Qa3 10. f5 Nc6 11. fxe6 fxe6 12. Nxc6 bxc6 13. Be2 Be7 14. O-O O-O
15. Rb3 1/2-1/2

[Event "SR 2. liga A 2003/2004"]
[Site "?"]
[Date "2003.10.19"]
[Round "2.1"]
[White "Tepper, Frantisek"]
[Black "Vlcek, Stanislav"]
[Result "0-1"]
[WhiteElo "2232"]
[BlackElo "2215"]
[PlyCount "96"]
[EventDate "2003.??.??"]

1. e4 c5 2. Nf3 d6 3. d4 cxd4 4. Nxd4 Nf6 5. Nc3 a6 6. Bg5 e6 7. f4 Nbd7 8. Qf3
Qc7 9. O-O-O b5 10. Bd3 Bb7 11. Rhe1 Qb6 12. Bxf6 Nxf6 13. f5 O-O-O 14. Nce2 e5
15. Nb3 d5 16. Nc3 Bb4 17. exd5 Bxc3 18. bxc3 Bxd5 19. Qe3 Qxe3+ 20. Rxe3 e4
21. Be2 Kc7 22. Rd4 Kd6 23. Nd2 Ke5 24. Bd3 Bc6 25. Re1 Rxd4 26. cxd4+ Kxd4 27.
Bf1 Bd5 28. Kb2 Ke5 29. c4 bxc4 30. Nxc4+ Kxf5 31. Ne3+ Ke5 32. Nxd5 Rb8+ 33.
Kc1 Nxd5 34. Bxa6 Ra8 35. Bd3 Nc3 36. Bc4 f5 37. Kb2 Kd4 38. Be6 f4 39. a3 g5
40. h3 h6 41. Bf5 Rf8 42. Bg4 f3 43. gxf3 exf3 44. Kc2 f2 45. Rf1 Nd5 46. Kd2
Ne3 47. Ke2 Nxf1 48. Kxf1 Ke3 0-1

[Event "SR 2. liga A 2003/2004"]
[Site "?"]
[Date "2003.10.19"]
[Round "2.2"]
[White "Horak, Ivan"]
[Black "Cvicela, Anton"]
[Result "0-1"]
[WhiteElo "2198"]
[BlackElo "2170"]
[PlyCount "70"]
[EventDate "2003.??.??"]

1. e4 c5 2. Nc3 Nc6 3. f4 e6 4. Bb5 Nd4 5. a4 Ne7 6. Nf3 Nec6 7. Bxc6 dxc6 8.
d3 g6 9. e5 Bg7 10. Ne4 O-O 11. O-O b6 12. Kh1 a5 13. Be3 Ba6 14. b3 Nxc2 15.
Qxc2 Bxd3 16. Qc3 Bxe4 17. Rad1 Qc7 18. Ng5 Bf5 19. Qe1 h6 20. Nf3 Bc2 21. Rd2
Bxb3 22. Qh4 Rad8 23. f5 exf5 24. Bxh6 Rxd2 25. Bxd2 Re8 26. Bg5 Bd5 27. Bf6
Bxf3 28. Rxf3 Bxf6 29. exf6 Re4 30. g4 Qd6 31. h3 Qd1+ 32. Kg2 fxg4 33. hxg4
Qe2+ 34. Kg3 Qe1+ 35. Rf2 Re2 0-1

[Event "SR 2. liga A 2003/2004"]
[Site "?"]
[Date "2003.10.19"]
[Round "2.2"]
[White "Lanc, Alois"]
[Black "Minich, Peter"]
[Result "1-0"]
[WhiteElo "2380"]
[BlackElo "2210"]
[PlyCount "71"]
[EventDate "2003.??.??"]

1. e4 c6 2. d4 g6 3. Nc3 Bg7 4. f4 d5 5. e5 h5 6. Nf3 Bg4 7. Be3 e6 8. Be2 Ne7
9. Qd2 Nf5 10. Bf2 Bxf3 11. Bxf3 Nh4 12. Qe2 Nxf3+ 13. Qxf3 Qb6 14. O-O-O Nd7
15. h3 O-O-O 16. g4 hxg4 17. hxg4 Rdf8 18. f5 gxf5 19. gxf5 Qd8 20. Kb1 Rxh1
21. Rxh1 Rh8 22. Rg1 Bh6 23. a3 Rg8 24. Rh1 Qg5 25. Qh3 Qg2 26. fxe6 fxe6 27.
Qxg2 Rxg2 28. Rxh6 Rxf2 29. Rxe6 Rd2 30. Re8+ Kc7 31. Rh8 Rxd4 32. e6 Kd6 33.
exd7 Kxd7 34. Rh7+ Kc8 35. b3 a5 36. Na4 1-0

[Event "SR 2. liga A 2003/2004"]
[Site "?"]
[Date "2003.10.19"]
[Round "2.2"]
[White "Machalova, Veronika"]
[Black "Janos, Martin"]
[Result "0-1"]
[WhiteElo "2129"]
[BlackElo "2145"]
[PlyCount "86"]
[EventDate "2003.??.??"]

1. e4 d6 2. d4 Nf6 3. Nc3 c5 4. dxc5 Qa5 5. Bd3 Qxc5 6. h3 a6 7. Nf3 Nc6 8. a3
e6 9. O-O Be7 10. Qe2 O-O 11. Be3 Qh5 12. Rad1 b5 13. Qd2 Bb7 14. Ne2 Ne5 15.
Nxe5 dxe5 16. f3 Rac8 17. Nc1 Qg6 18. Nb3 Nh5 19. Na5 Ba8 20. c4 f5 21. cxb5
Ng3 22. Rfe1 fxe4 23. fxe4 axb5 24. b4 Rfd8 25. Qb2 Rxd3 26. Rxd3 Qxe4 27. Qd2
Qg6 28. Bc5 Ne4 29. Rxe4 Bxe4 30. Rd7 Bg5 31. Qe2 h6 32. Nb3 Bd5 33. Nd2 Bf4
34. Nf1 h5 35. Qf2 Ra8 36. Ra7 Rd8 37. Bb6 Rf8 38. Qb2 Bc1 39. Qe2 Bc4 40. Qe1
Rxf1+ 41. Qxf1 Bxf1 42. Kxf1 Qd3+ 43. Ke1 Be3 0-1

[Event "SR 2. liga A 2003/2004"]
[Site "?"]
[Date "2003.10.19"]
[Round "2.2"]
[White "Matulik, Daniel"]
[Black "Hudec, Jan"]
[Result "1/2-1/2"]
[WhiteElo "2166"]
[BlackElo "2138"]
[PlyCount "47"]
[EventDate "2003.??.??"]

1. d4 d5 2. c4 e6 3. Nf3 c6 4. e3 f5 5. g3 Nf6 6. Bg2 Bd6 7. O-O O-O 8. b3 Qe7
9. Bb2 Ne4 10. Qc1 b6 11. Ba3 Bxa3 12. Qxa3 c5 13. Ne5 Nd7 14. f3 Nef6 15. Nc3
Bb7 16. Rad1 dxc4 17. Nxc4 Nd5 18. Qb2 Rac8 19. Nxd5 exd5 20. Ne5 Nf6 21. Qa3
Rc7 22. Rc1 Rfc8 23. Rfe1 a5 24. Bf1 1/2-1/2

[Event "SR 2. liga A 2003/2004"]
[Site "?"]
[Date "2003.10.19"]
[Round "2.2"]
[White "Meszaros, Michal"]
[Black "Bezuch, Martin"]
[Result "1-0"]
[WhiteElo "2306"]
[BlackElo "2140"]
[PlyCount "59"]
[EventDate "2003.??.??"]

1. e4 e5 2. Nf3 Nc6 3. Bb5 a6 4. Ba4 Nf6 5. O-O Be7 6. Re1 b5 7. Bb3 d6 8. c3
O-O 9. d4 Bb7 10. Nbd2 Re8 11. Nf1 Bf8 12. Ng3 h6 13. a4 exd4 14. cxd4 Nb4 15.
d5 c6 16. dxc6 Bxc6 17. Nd4 Bb7 18. f3 d5 19. e5 Nd7 20. f4 Nc5 21. Re3 bxa4
22. Bxa4 Nxa4 23. Rxa4 Qb6 24. Kh1 Bc5 25. Ngf5 Rac8 26. Ra1 Bxd4 27. Rg3 Nc2
28. Rxg7+ Kh8 29. Qh5 Nxa1 30. Rh7+ 1-0

[Event "SR 2. liga A 2003/2004"]
[Site "?"]
[Date "2003.10.19"]
[Round "2.2"]
[White "Petreje, Juraj"]
[Black "Fabry, Robert"]
[Result "0-1"]
[WhiteElo "2189"]
[BlackElo "2182"]
[PlyCount "120"]
[EventDate "2003.??.??"]

1. d4 Nf6 2. Nf3 b6 3. g3 Bb7 4. Bg2 e6 5. O-O c5 6. c3 Be7 7. a4 O-O 8. Nbd2
cxd4 9. cxd4 d5 10. Qb3 Nc6 11. a5 Ba6 12. axb6 axb6 13. Re1 Qc7 14. Ra4 Na5
15. Qc3 Rfc8 16. Qxc7 Rxc7 17. Bf1 Rac8 18. Ra1 Bb4 19. Rd1 Ne4 20. Nxe4 dxe4
21. Ng5 Bb7 22. f3 Nb3 23. Bf4 Rc2 24. Ra7 Na5 25. Nxe4 Bc6 26. Nf2 Bb5 27. Nd3
Bf8 28. Be3 Nc4 29. Bc1 Nd6 30. Be3 g6 31. Bf2 Bxd3 32. Rxd3 Rxb2 33. Ra1 Bg7
34. Rad1 Rcc2 35. g4 h6 36. Bg3 Nb5 37. d5 exd5 38. Rxd5 Nc3 39. Rd8+ Kh7 40.
Re1 Nxe2+ 41. Bxe2 Rxe2 42. Rxe2 Rxe2 43. Rd7 b5 44. Rxf7 Kg8 45. Rb7 Bd4+ 46.
Kf1 Rb2 47. Ke1 b4 48. Kd1 b3 49. Kc1 Rc2+ 50. Kd1 Rc3 51. Rb4 Rd3+ 52. Ke2
Re3+ 53. Kd2 b2 54. Rb8+ Kf7 55. f4 Ra3 56. f5 gxf5 57. gxf5 Ra1 58. Kd3 Bf6
59. Rb7+ Ke8 60. Bh4 Bh8 0-1

[Event "SR 2. liga A 2003/2004"]
[Site "?"]
[Date "2003.10.19"]
[Round "2.3"]
[White "Eged, Igor"]
[Black "Hartl, Jan"]
[Result "1/2-1/2"]
[WhiteElo "2136"]
[BlackElo "2165"]
[PlyCount "66"]
[EventDate "2003.??.??"]

1. e4 d6 2. d4 Nf6 3. Nc3 g6 4. f4 Bg7 5. Nf3 O-O 6. Be3 d5 7. exd5 Nxd5 8.
Nxd5 Qxd5 9. Be2 Nd7 10. O-O Nf6 11. Ne5 Qe4 12. Qd3 Qxd3 13. Bxd3 Nd5 14. Bd2
f6 15. Nf3 Bh6 16. g3 Bh3 17. Rf2 e6 18. Kh1 Ne7 19. Re1 Rfe8 20. Bb4 Nd5 21.
Bd2 Bf8 22. Ng1 Bg4 23. h3 Bf5 24. Bxf5 gxf5 25. Rfe2 Kf7 26. Nf3 b5 27. Rc1
Rab8 28. Be3 Bd6 29. Bf2 Rb6 30. c3 a5 31. Ne1 Rc6 32. Nd3 Nb6 33. b3 a4
1/2-1/2

[Event "SR 2. liga A 2003/2004"]
[Site "?"]
[Date "2003.10.19"]
[Round "2.3"]
[White "Janos, Jozef"]
[Black "Antol, Ladislav"]
[Result "1/2-1/2"]
[WhiteElo "2211"]
[BlackElo "2057"]
[PlyCount "60"]
[EventDate "2003.??.??"]

1. e4 c5 2. Nf3 d6 3. Nc3 Nf6 4. d4 cxd4 5. Nxd4 a6 6. Bg5 e6 7. f4 Be7 8. Qf3
Qc7 9. O-O-O O-O 10. g4 Nc6 11. Nb3 b5 12. Bg2 Bb7 13. a3 Rac8 14. Rd2 b4 15.
axb4 Nxb4 16. Qe2 h6 17. Bh4 Nxe4 18. Nxe4 Bxh4 19. Nxd6 Bxg2 20. Qxg2 Rcd8 21.
Qb7 Qxb7 22. Nxb7 Rxd2 23. Kxd2 Rc8 24. c3 Nd5 25. N7c5 a5 26. Ra1 Rb8 27. Rxa5
Bf2 28. f5 Bxc5 29. Nxc5 Rxb2+ 30. Kd3 Rxh2 1/2-1/2

[Event "SR 2. liga A 2003/2004"]
[Site "?"]
[Date "2003.10.19"]
[Round "2.3"]
[White "Kralovic, Andrej"]
[Black "Seitler, Andrej"]
[Result "1/2-1/2"]
[WhiteElo "2051"]
[BlackElo "2144"]
[PlyCount "81"]
[EventDate "2003.??.??"]

1. e4 e6 2. d4 d5 3. Nd2 Nf6 4. e5 Nfd7 5. Bd3 c5 6. c3 Nc6 7. Ne2 cxd4 8. cxd4
f6 9. exf6 Qxf6 10. Nf3 h6 11. O-O Bd6 12. a3 O-O 13. Bc2 Rd8 14. Ng3 Nf8 15.
Qd3 Bd7 16. Be3 Be8 17. Qd2 Rd7 18. b4 b6 19. Rac1 Rc7 20. Bd3 a6 21. Rc2 b5
22. Rfc1 Rac8 23. h3 Bg6 24. Bxg6 Nxg6 25. Ne2 Qf5 26. Ng3 Qf7 27. Ne2 Na7 28.
Rxc7 Rxc7 29. Nh2 Nc8 30. Ng4 h5 31. Nh2 Nb6 32. Qd3 Nc4 33. Nf1 Nf4 34. Nxf4
Bxf4 35. Bxf4 Qxf4 36. Re1 Rf7 37. Re2 Rf6 38. Ne3 Nd6 39. Rc2 Ne4 40. Qe2 Nd6
41. Qd1 1/2-1/2

[Event "SR 2. liga A 2003/2004"]
[Site "?"]
[Date "2003.10.19"]
[Round "2.3"]
[White "Miklas, Marian"]
[Black "Kantorik, Marian"]
[Result "1/2-1/2"]
[WhiteElo "2204"]
[BlackElo "2353"]
[PlyCount "72"]
[EventDate "2003.??.??"]

1. c4 Nf6 2. g3 c5 3. Bg2 d5 4. cxd5 Nxd5 5. Nc3 Nc7 6. Nf3 Nc6 7. a3 e5 8. b4
f6 9. bxc5 Bxc5 10. O-O O-O 11. Rb1 Kh8 12. d3 Qe7 13. a4 Rb8 14. Nd2 Be6 15.
Nde4 Bb4 16. Bd2 a6 17. f4 f5 18. Ng5 Bxc3 19. Bxc3 Qc5+ 20. d4 Qxc3 21. Nxe6
Nxe6 22. d5 exf4 23. dxc6 bxc6 24. gxf4 Qe3+ 25. Kh1 Rxb1 26. Qxb1 c5 27. Qc1
Qxe2 28. Re1 Qa2 29. Qe3 Rf6 30. Qe5 Qxa4 31. Bd5 Nf8 32. Qe7 Qxf4 33. Rg1 Qh6
34. Bf7 g5 35. Rxg5 Rxf7 36. Qxf7 Qxg5 1/2-1/2

[Event "SR 2. liga A 2003/2004"]
[Site "?"]
[Date "2003.10.19"]
[Round "2.3"]
[White "Skreno, Vladimir"]
[Black "Harasta, Vladimir"]
[Result "0-1"]
[WhiteElo "2146"]
[BlackElo "2192"]
[PlyCount "52"]
[EventDate "2003.??.??"]

1. d4 d5 2. Nf3 c6 3. e3 Bg4 4. c4 e6 5. Nc3 Nf6 6. cxd5 exd5 7. Be2 Nbd7 8.
O-O Bd6 9. a3 O-O 10. b4 b5 11. Bb2 a5 12. Qb3 axb4 13. axb4 Qe7 14. Rxa8 Rxa8
15. Ba3 Nb6 16. Rb1 Ne4 17. Bc1 Nc4 18. Qc2 Bxb4 19. Nxe4 dxe4 20. Bxc4 exf3
21. Bd3 Bd7 22. g3 c5 23. dxc5 Qxc5 24. Qxc5 Bxc5 25. Bxb5 Bf5 26. Bc6 Rd8 0-1

[Event "SR 2. liga A 2003/2004"]
[Site "?"]
[Date "2003.10.19"]
[Round "2.3"]
[White "Zamecnik, Frantisek"]
[Black "Stepanovic, Branislav"]
[Result "0-1"]
[WhiteElo "2128"]
[BlackElo "2090"]
[PlyCount "64"]
[EventDate "2003.??.??"]

1. d4 Nf6 2. Nf3 d5 3. c4 c6 4. cxd5 cxd5 5. Nc3 Nc6 6. Bg5 Ne4 7. Bd2 Nxd2 8.
Qxd2 Bf5 9. e3 a6 10. Be2 e6 11. O-O Bd6 12. Ne1 O-O 13. f4 f6 14. Nf3 g5 15.
g3 b5 16. Rac1 Na5 17. fxg5 fxg5 18. e4 Bh3 19. Rf2 h6 20. exd5 exd5 21. Bf1
Nc4 22. Bxc4 dxc4 23. Re1 Ra7 24. Ne4 Raf7 25. Qe3 Bb4 26. Ree2 Re7 27. Nfxg5
hxg5 28. Qxg5+ Rg7 29. Rxf8+ Qxf8 30. Nf6+ Kf7 31. Qf4 Qd6 32. Ne4+ Qxf4 {time}
0-1

[Event "SR 2. liga A 2003/2004"]
[Site "?"]
[Date "2003.10.19"]
[Round "2.4"]
[White "Hecko, Dusan"]
[Black "Vychodil, Michal"]
[Result "1/2-1/2"]
[WhiteElo "2176"]
[BlackElo "2104"]
[PlyCount "81"]
[EventDate "2003.??.??"]

1. e4 d5 2. exd5 Qxd5 3. Nc3 Qa5 4. d4 c6 5. Nf3 Nf6 6. Ne5 Bf5 7. Bd3 Bxd3 8.
Qxd3 Nbd7 9. Nxd7 Nxd7 10. O-O Nf6 11. Bf4 e6 12. a3 Be7 13. Ne4 Nxe4 14. Qxe4
Qd5 15. Rfe1 Qxe4 16. Rxe4 Rd8 17. c3 O-O 18. Rae1 Rd5 19. Be5 Rd7 20. Kf1 Rfd8
21. g4 c5 22. dxc5 Bxc5 23. a4 a6 24. R1e2 Rd1+ 25. Kg2 h6 26. h3 b5 27. Bf4
R8d5 28. axb5 axb5 29. c4 bxc4 30. Rxc4 Bd6 31. Rc8+ Kh7 32. Bxd6 Rxd6 33. Rc7
Kg6 34. h4 Rd7 35. Rxd7 Rxd7 36. Kf3 Kf6 37. Ke4 e5 38. f3 Rd4+ 39. Ke3 h5 40.
Rf2 Ke6 41. Rg2 1/2-1/2

[Event "SR 2. liga A 2003/2004"]
[Site "?"]
[Date "2003.10.19"]
[Round "2.4"]
[White "Kovacocy, Pavel"]
[Black "Lukac, Roman"]
[Result "1/2-1/2"]
[WhiteElo "2263"]
[BlackElo "2131"]
[PlyCount "128"]
[EventDate "2003.??.??"]

1. e4 e5 2. Nf3 Nc6 3. Bb5 a6 4. Bxc6 dxc6 5. O-O Bd6 6. d4 exd4 7. Qxd4 f6 8.
Re1 Ne7 9. e5 fxe5 10. Nxe5 O-O 11. Bg5 Be6 12. Nxc6 Nxc6 13. Qe3 Qd7 14. Qxe6+
Qxe6 15. Rxe6 Nd4 16. Rxd6 cxd6 17. Na3 Rae8 18. c3 Re5 19. Be3 Nf5 20. Nc2 Rd5
21. Bd4 Nxd4 22. Nxd4 Re8 23. Kf1 Kf7 24. Rb1 Rc8 25. Ke2 Ke7 26. Kd3 Kd7 27.
Rd1 Rf8 28. Rf1 Rf6 29. h4 g5 30. hxg5 Rxg5 31. Rh1 h5 32. f3 Rxg2 33. Rxh5
Rxb2 34. a4 Kc7 35. a5 Ra2 36. Rh7+ Kb8 37. Rh8+ Ka7 38. Rh7 d5 39. Rd7 Rxa5
40. Rd8 Rc5 41. Rh8 a5 42. Rh2 a4 43. Rf2 b5 44. f4 Kb6 45. f5 Ka5 46. Ra2 Rc4
47. Re2 Rxd4+ 48. Kxd4 Rxf5 49. Re8 Rf4+ 50. Kd3 Rf6 51. Rd8 Rf5 52. Rb8 Rf3+
53. Kc2 Rf4 54. Rd8 d4 55. cxd4 Kb4 56. d5 Kc5 57. d6 Rd4 58. d7 Kb4 59. Kc1
Kb3 60. Rb8 Rxd7 61. Rxb5+ Kc3 62. Kb1 Rd4 63. Ka2 Rb4 64. Rxb4 Kxb4 1/2-1/2

[Event "SR 2. liga A 2003/2004"]
[Site "?"]
[Date "2003.10.19"]
[Round "2.4"]
[White "Kovarik, Oto"]
[Black "Gajarsky, Roman"]
[Result "1/2-1/2"]
[WhiteElo "2128"]
[BlackElo "2021"]
[PlyCount "48"]
[EventDate "2003.??.??"]

1. e4 e5 2. Nf3 Nf6 3. Nxe5 Qe7 4. Nf3 Nxe4 5. Be2 d5 6. O-O Be6 7. d4 Nd7 8.
Nbd2 O-O-O 9. Nxe4 dxe4 10. Ng5 Nf6 11. Nxe6 Qxe6 12. c4 h6 13. Be3 c5 14. d5
Qb6 15. Qc2 Bd6 16. Rfb1 Qc7 17. h3 Bh2+ 18. Kh1 Bf4 19. Qd2 g5 20. a3 Nd7 21.
b4 f5 22. bxc5 Nxc5 23. Rb5 b6 24. Rab1 h5 1/2-1/2

[Event "SR 2. liga A 2003/2004"]
[Site "?"]
[Date "2003.10.19"]
[Round "2.4"]
[White "Manak, Jozef"]
[Black "Djubek, Boris"]
[Result "1/2-1/2"]
[WhiteElo "2076"]
[BlackElo "2131"]
[PlyCount "90"]
[EventDate "2003.??.??"]

1. e4 e5 2. Nf3 Nc6 3. Bb5 a6 4. Ba4 Nf6 5. O-O Be7 6. d4 b5 7. Bb3 d6 8. a4
Bg4 9. c3 O-O 10. d5 Na5 11. Bc2 c5 12. dxc6 Qc7 13. Bg5 Qxc6 14. Bxf6 Bxf6 15.
Nbd2 Nc4 16. Qb1 Nb6 17. axb5 axb5 18. Rxa8 Rxa8 19. Bb3 Nc4 20. Qc2 Bd8 21.
Rb1 Bb6 22. Qd3 Rc8 23. h3 Be6 24. Qe2 h6 25. Bxc4 bxc4 26. Ne1 Qa4 27. Ndf3
Bc5 28. Rd1 Rb8 29. Rd2 Qb3 30. Kh2 Ra8 31. g4 g5 32. Ng2 Qb7 33. Nfe1 Ra2 34.
Qf3 Rxb2 35. Rxb2 Qxb2 36. Kg3 Qb8 37. Nc2 Qd8 38. Nce3 Kg7 39. Nf5+ Bxf5 40.
gxf5 Qf6 41. Ne3 Bxe3 42. fxe3 Qd8 43. Qf1 Qc8 44. Qf3 Qd7 45. Qf1 Qc8 1/2-1/2

[Event "SR 2. liga A 2003/2004"]
[Site "?"]
[Date "2003.10.19"]
[Round "2.4"]
[White "Rohackova, Veronika"]
[Black "Duben, Igor"]
[Result "1/2-1/2"]
[WhiteElo "2049"]
[BlackElo "2163"]
[PlyCount "42"]
[EventDate "2003.??.??"]

1. e4 e6 2. d3 d5 3. Qe2 dxe4 4. dxe4 Nc6 5. Nf3 e5 6. c3 Nf6 7. Bg5 Be7 8. Qc2
O-O 9. Be2 Be6 10. O-O Nd7 11. Bxe7 Qxe7 12. Nbd2 a5 13. a4 h6 14. Nc4 Qc5 15.
Ne3 Nb6 16. Nh4 Ne7 17. Bg4 Bxg4 18. Nxg4 Rad8 19. Rad1 Nbc8 20. Ne3 b6 21. Qe2
Qc6 1/2-1/2

[Event "SR 2. liga A 2003/2004"]
[Site "?"]
[Date "2003.10.19"]
[Round "2.4"]
[White "Sukuba, Zdeno"]
[Black "Kolman, Richard"]
[Result "1/2-1/2"]
[WhiteElo "2149"]
[BlackElo "2102"]
[PlyCount "46"]
[EventDate "2003.??.??"]

1. Nf3 g6 2. c4 Bg7 3. Nc3 e5 4. g3 Nc6 5. d3 f5 6. Bg2 Nf6 7. Rb1 a5 8. a3 d6
9. b4 axb4 10. axb4 h6 11. c5 Be6 12. b5 Ne7 13. Bb2 O-O 14. O-O g5 15. Na4 Qe8
16. cxd6 cxd6 17. Nb6 Rd8 18. Nc4 Qf7 19. Nfd2 Bd5 20. Bxd5 Qxd5 21. Ba3 Qe6
22. Qb3 d5 23. Ne3 f4 1/2-1/2

[Event "SR 2. liga A 2003/2004"]
[Site "?"]
[Date "2003.10.19"]
[Round "2.5"]
[White "Breja, Stanislav"]
[Black "Moravcik, Marian"]
[Result "1-0"]
[WhiteElo "2121"]
[BlackElo "2073"]
[PlyCount "137"]
[EventDate "2003.??.??"]

1. e4 c5 2. c3 d5 3. exd5 Qxd5 4. d4 Nc6 5. Nf3 Bg4 6. dxc5 Qxc5 7. Be3 Qa5 8.
Nbd2 e6 9. Qb3 Qc7 10. Bb5 Bxf3 11. Nxf3 a6 12. Bd3 Bd6 13. Bb6 Qe7 14. Rd1 Nf6
15. O-O Nd7 16. Be4 Rc8 17. Be3 Nc5 18. Bxc5 Bxc5 19. Nd4 Bxd4 20. Bxc6+ Rxc6
21. Rxd4 O-O 22. Rfd1 Rc7 23. Qa4 Rfc8 24. Rd7 Qf8 25. Qa5 Rxd7 26. Rxd7 Rb8
27. Qb6 Qc8 28. Qd6 b6 29. g3 h6 30. Qe7 Qf8 31. Kf1 Qxe7 32. Rxe7 Rd8 33. Ke2
g6 34. c4 Kg7 35. b4 Kf6 36. Rb7 Rd6 37. Ke3 e5 38. Ra7 b5 39. c5 Rc6 40. Rb7
Ke6 41. Rb6 Rxb6 42. cxb6 Kd6 43. b7 Kc7 44. Ke4 f6 45. Kd5 Kxb7 46. Ke6 Kc6
47. Kxf6 Kd5 48. Kxg6 Kc4 49. a3 Kb3 50. Kxh6 Kxa3 51. g4 Kxb4 52. g5 Kc3 53.
g6 b4 54. g7 b3 55. g8=Q b2 56. Qc8+ Kd2 57. Qb7 Kc2 58. Qc6+ Kd2 59. Qb6 Kc2
60. Qc5+ Kd2 61. Qb4+ Kc2 62. Qc4+ Kd2 63. Qb3 Kc1 64. Qc3+ Kb1 65. Qxe5 Ka2
66. Qa5+ Kb3 67. Qxa6 b1=Q 68. Qb6+ Kc2 69. Qxb1+ 1-0

[Event "SR 2. liga A 2003/2004"]
[Site "?"]
[Date "2003.10.19"]
[Round "2.5"]
[White "Kuna, Vladimir"]
[Black "Kebis, Milos"]
[Result "0-1"]
[WhiteElo "2149"]
[BlackElo "2094"]
[PlyCount "141"]
[EventDate "2003.??.??"]

1. d4 Nf6 2. Nf3 g6 3. c4 Bg7 4. Nc3 O-O 5. Bg5 d6 6. h3 Nbd7 7. e4 c6 8. d5 a6
9. a4 b6 10. Bd3 Re8 11. O-O Nf8 12. Re1 h6 13. Bxf6 Bxf6 14. Qd2 Bg7 15. e5 e6
16. dxe6 Bxe6 17. Be4 Ra7 18. Bxc6 Bd7 19. Bxd7 Rxd7 20. exd6 Rxe1+ 21. Rxe1
Rxd6 22. Nd5 Ne6 23. Qe2 Kh7 24. Ne5 Kg8 25. Qf3 Ng5 26. Qf4 f5 27. Nxg6 Rxg6
28. Ne7+ Qxe7 29. Qb8+ Qf8 30. Re8 Qxe8 31. Qxe8+ Kh7 32. Kf1 a5 33. h4 Ne6 34.
g3 Nd4 35. Qf7 Rf6 36. Qe7 Re6 37. Qf7 Rd6 38. Kg2 Rf6 39. Qe7 Rg6 40. Qb7 Rf6
41. Qe7 h5 42. Qe8 Kh6 43. Qe3+ Kh7 44. Qe8 Rg6 45. Qf7 Kh6 46. Qc7 Ne6 47. Qd7
f4 48. Kf3 fxg3 49. fxg3 Nd4+ 50. Kf2 Be5 51. Qd8 Bxg3+ 52. Kf1 Be5 53. Qf8+
Bg7 54. Qf4+ Kh7 55. Qe4 Ne6 56. Kf2 Bd4+ 57. Kf1 Kh6 58. b3 Rf6+ 59. Kg2 Nf4+
60. Kg3 Ng6 61. Kg2 Bf2 62. Qe8 Bxh4 63. Qg8 Bf2 64. Qd8 Bd4 65. Qe8 h4 66. Qa8
Kg5 67. Qd5+ Kg4 68. Qe4+ Nf4+ 69. Kh2 Re6 70. Qh7 Re2+ 71. Kh1 0-1